Sports Quiz

Random Sports or Baseball Quiz

MLB Postseason Losers (1969-1993) Quiz Stats

 Plays Quiz not verified by Sporcle

Challenge
Share
Tweet
Embed
Score 0/79 Timer 12:00
0 Plays Today
Year (Series) Team % Correct
1969 WSBaltimore Orioles
93.1%
1978 WSLos Angeles Dodgers
87.6%
1971 WSBaltimore Orioles
86.9%
1977 WSLos Angeles Dodgers
84.8%
1970 WSCincinnati Reds
84.1%
1979 WSBaltimore Orioles
84.1%
1970 NLCSPittsburgh Pirates
83.4%
1980 WSKansas City Royals
82.8%
1981 WSNew York Yankees
82.8%
1987 WSSt. Louis Cardinals
82.8%
1972 WSCincinnati Reds
82.1%
1973 WSNew York Mets
82.1%
1975 WSBoston Red Sox
82.1%
1969 ALCSMinnesota Twins
81.4%
1969 NLCSAtlanta Braves
81.4%
1976 WSNew York Yankees
81.4%
1986 WSBoston Red Sox
81.4%
1978 ALCSKansas City Royals
80.7%
1985 WSSt. Louis Cardinals
80.7%
1988 WSOakland Athletics
80.7%
1989 WSSan Francisco Giants
80.7%
1990 WSOakland Athletics
80.7%
1993 WSPhiladelphia Phillies
80.7%
1991 WSAtlanta Braves
80%
1971 ALCSOakland Athletics
79.3%
1977 ALCSKansas City Royals
78.6%
1982 WSMilwaukee Brewers
78.6%
1986 ALCSCalifornia Angels
78.6%
1986 NLCSHouston Astros
78.6%
1992 WSAtlanta Braves
78.6%
1970 ALCSMinnesota Twins
77.9%
1972 NLCSPittsburgh Pirates
77.9%
1974 WSLos Angeles Dodgers
77.9%
1984 WSSan Diego Padres
77.9%
1972 ALCSDetroit Tigers
77.2%
1980 ALCSNew York Yankees
77.2%
1971 NLCSSan Francisco Giants
75.2%
1976 ALCSKansas City Royals
75.2%
1978 NLCSPhiladelphia Phillies
75.2%
1979 NLCSCincinnati Reds
75.2%
Year (Series) Team % Correct
1973 NLCSCincinnati Reds
74.5%
1977 NLCSPhiladelphia Phillies
74.5%
1983 WSPhiladelphia Phillies
74.5%
1976 NLCSPhiladelphia Phillies
73.8%
1993 NLCSAtlanta Braves
73.8%
1973 ALCSBaltimore Orioles
73.1%
1980 NLCSHouston Astros
73.1%
1987 ALCSDetroit Tigers
73.1%
1974 ALCSBaltimore Orioles
72.4%
1974 NLCSPittsburgh Pirates
72.4%
1975 ALCSOakland Athletics
72.4%
1988 ALCSBoston Red Sox
72.4%
1979 ALCSCalifornia Angels
71.7%
1981 NLCSMontreal Expos
71.7%
1988 NLCSNew York Mets
71.7%
1993 ALCSChicago White Sox
71.7%
1989 NLCSChicago Cubs
71%
1990 ALCSBoston Red Sox
71%
1975 NLCSPittsburgh Pirates
70.3%
1987 NLCSSan Francisco Giants
70.3%
1989 ALCSToronto Blue Jays
70.3%
1991 NLCSPittsburgh Pirates
69.7%
1992 NLCSPittsburgh Pirates
69.7%
1984 NLCSChicago Cubs
69%
1990 NLCSPittsburgh Pirates
69%
1992 ALCSOakland Athletics
69%
1991 ALCSToronto Blue Jays
67.6%
1982 ALCSCalifornia Angels
66.9%
1983 ALCSChicago White Sox
66.2%
1984 ALCSKansas City Royals
66.2%
1981 NLDSPhiladelphia Phillies
65.5%
1985 ALCSToronto Blue Jays
65.5%
1981 ALDSKansas City Royals
64.8%
1985 NLCSLos Angeles Dodgers
64.8%
1982 NLCSAtlanta Braves
64.1%
1983 NLCSLos Angeles Dodgers
63.4%
1981 NLDSHouston Astros
62.1%
1981 ALCSOakland Athletics
62.1%
1981 ALDSMilwaukee Brewers
60%

You're not logged in!

Compare scores with friends on all Sporcle quizzes.
Join for Free
OR
Log In

You Might Also Like...

Show Comments

Extras

Top Quizzes Today


Score Distribution

Your Account Isn't Verified!

In order to create a playlist on Sporcle, you need to verify the email address you used during registration. Go to your Sporcle Settings to finish the process.

Report this User

Report this user for behavior that violates our Community Guidelines.

Details: